[Event "FRA-ch U18 Girls"]
[Site "Aix les Bains"]
[Date "2009.04.26"]
[Round "9"]
[White "Richard, Celine"]
[Black "Dubois, Emmanuelle"]
[Result "1/2-1/2"]
[WhiteElo "1588"]
[BlackElo "1757"]
[PlyCount "120"]
[EventDate "2009.04.19"]
[EventType "swiss"]
[EventRounds "9"]
[EventCountry "FRA"]
[SourceTitle "CBM 130 Extra"]
[Source "ChessBase"]
[SourceDate "2009.07.02"]
[SourceVersion "2"]
[SourceVersionDate "2009.07.15"]
[SourceQuality "1"]

1. e4 c5 2. Nf3 Nc6 3. Bc4 e6 4. 0-0 g6 5. Nc3 a6 6. d4 cxd4 7. Nxd4 Bg7 8. Nf3 Nge7 9. Re1 b5 10. Bd3 b4 11. Ne2 0-0 12. Nf4 Qc7 13. Rb1 Rd8 14. Be3 d5 15. exd5 Nxd5 16. Nxd5 Rxd5 17. Qc1 Bb7 18. Be4 Rd7 19. Bf4 Qc8 20. Bxc6 Qxc6 21. a3 bxa3 22. bxa3 Rc8 23. Re2 Qc4 24. Rd2 Rxd2 25. Qxd2 Bxf3 26. gxf3 e5 27. Bg3 h5 28. Rb4 Qc6 29. Qe2 f6 30. f4 Re8 31. fxe5 fxe5 32. Qc4+ Qe6 33. Ra4 Qxc4 34. Rxc4 g5 35. h4 g4 36. Rc6 Ra8 37. c4 a5 38. a4 Rb8 39. Rc5 Rb4 40. Rxa5 Rxc4 41. Bxe5 Bxe5 42. Rxe5 Rxa4 43. Rxh5 Kf7 44. Kg2 Kg6 45. Rg5+ Kh6 46. Kg3 Ra3+ 47. Kxg4 Ra2 48. f4 Rg2+ 49. Kf5 Ra2 50. h5 Ra4 51. Kg4 Ra6 52. Re5 Rb6 53. Kf3 Rb3+ 54. Ke4 Rh3 55. Kd5 Rh4 56. f5 Rf4 57. Re6+ Kxh5 58. f6 Kg6 59. Kd6 Rxf6 60. Rxf6+ Kxf6 1/2-1/2